| 000 | 00545nam a2200205Ia 4500 | ||
|---|---|---|---|
| 003 | GCL | ||
| 008 | 140319s9999 xx 000 0 eng d | ||
| 040 |
_aGCL / _cGCL |
||
| 082 | 0 | 4 |
_a892.7 _bS D |
| 100 | 1 | _aSHERIF, NUR | |
| 245 | 1 | 0 |
_aDICKENS IN ARABIC (1912-1970) / _cSHERIF, NUR |
| 260 |
_a[S.N] : _bBEIRUT ARAB UNIVERSITY ، _c1974 |
||
| 300 | _a36 P | ||
| 490 |
_aBEIRUT ARAB UNIVERSITY _v0 |
||
| 650 | 0 | 4 | _aENGLISH LITERATURE |
| 650 | 0 | 4 | _aHISTORY AND CRITICISM |
| 650 | 0 | 4 | _aENGLISH LANGUAGE |
| 650 | 0 | 4 | _aFICTION |
| 942 |
_2ddc _cBK |
||
| 999 |
_c19692 _d19692 |
||